Malmesbury and others v Strutt and Parker and others (Record no. 107031)

MARC details
000 -LEADER
fixed length control field 01326cad a22001935a 4500
001 - CONTROL NUMBER
control field L138156
008 - FIXED-LENGTH DATA ELEMENTS--GENERAL INFORMATION
fixed length control field 070521e2007 xxk f 000 0 eng d
035 ## - SYSTEM CONTROL NUMBER
System control number (Sirsi) u138156
041 0# - LANGUAGE CODE
Language code of text/sound track or separate title eng
245 00 - TITLE STATEMENT
Title Malmesbury and others v Strutt and Parker and others
Medium [electronic resource]
260 ## - PUBLICATION, DISTRIBUTION, ETC.
Date of publication, distribution, etc. 2007
520 ## - SUMMARY, ETC.
Summary, etc. [2007] EWHC 999 (QB), 11 May 2007. Discusses the case where the owner of a car parking facility brought charges against a surveying firm for failing to negotiate rent based on car park turnover, making the claim that he was deprived of making a realistic income from the land. The owner also claimed that the surveying firm had failed to advise on the possibility of constructing a car park on the land, or letting it to a third party car park operator. "Held": the judge found that the surveying firm had given negligent advice to the owner as to the potential rental income of the land, but that with regards to the construction of the car park, the surveying firm was not in breach of their duties.
590 ## - LOCAL NOTE (RLIN)
Local note KA
650 24 - SUBJECT ADDED ENTRY--TOPICAL TERM
Topical term or geographic name entry element MALMESBURY V STRUTT AND PARKER
651 #4 - SUBJECT ADDED ENTRY--GEOGRAPHIC NAME
Geographic name BOURNEMOUTH
690 ## - LOCAL SUBJECT ADDED ENTRY--TOPICAL TERM (OCLC, RLIN)
Topical term or geographic name as entry element MANAGEMENT-BUSINESS MANAGEMENT-PROFESSIONAL PRACTICE-NEGLIGENCE
856 40 - ELECTRONIC LOCATION AND ACCESS
Uniform Resource Identifier <a href="https://www.bailii.org/ew/cases/EWHC/QB/2007/999.html">https://www.bailii.org/ew/cases/EWHC/QB/2007/999.html</a>
Public note View the item free of charge at www.bailii.org...
942 ## - ADDED ENTRY ELEMENTS (KOHA)
Suppress in OPAC 0
Holdings
Withdrawn status Lost status Source of classification or shelving scheme Damaged status Not for loan Home library Current library Shelving location Date acquired Total Checkouts Full call number Barcode Date last seen Copy number Price effective from Koha item type
    Dewey Decimal Classification     Virtual Virtual Online 21/05/2007   ONLINE PUBLICATION 138156-2001 06/08/2019 1 06/08/2019 Law report